[Event "24th European Teams Women"]
[Site "Budva MNE"]
[Date "2023.11.20"]
[Round "9.1"]
[White "Stefanova, Antoaneta"]
[Black "Khotenashvili, Bella"]
[Result "1-0"]
[WhiteElo "2417"]
[BlackElo "2498"]
[EventDate "2021.11.11"]
[Board "1"]

1. e4 c6 2. Nc3 d5 3. Nf3 dxe4 4. Nxe4 Nf6 5. Qe2 Nxe4 6. Qxe4 Nd7 7. Bc4
Nf6 8. Qe2 b5 9. Bb3 e6 10. a4 a6 11. Ne5 Qc7 12. d4 Bd6 13. c3 Rb8 14. Bf4
O-O 15. O-O bxa4 16. Bxa4 c5 17. Rfd1 Nd5 18. Bg3 f6 19. Nc6 Bxg3 20. hxg3
Rb6 21. c4 Nb4 22. d5 Qd6 23. dxe6 Qxe6 24. Qxe6+ Bxe6 25. Rd6 Nxc6 26.
Rxe6 Rc8 27. Rd1 Kf7 28. Rdd6 Rxb2 29. Bxc6 a5 30. Bd5 Kg6 31. Re7 1-0

[Event "24th European Teams Women"]
[Site "Budva MNE"]
[Date "2023.11.20"]
[Round "9.1"]
[White "Batsiashvili, Nino"]
[Black "Salimova, Nurgyul"]
[Result "1/2-1/2"]
[WhiteElo "2487"]
[BlackElo "2412"]
[EventDate "2021.11.11"]
[Board "2"]

1. d4 d5 2. c4 e6 3. Nc3 Be7 4. cxd5 exd5 5. Bf4 Nf6 6. e3 Bf5 7. Bd3 Bxd3
8. Qxd3 c6 9. Nge2 Nbd7 10. O-O O-O 11. Ng3 g6 12. Rad1 Re8 13. f3 c5 14.
Nb5 Rf8 15. Bh6 Re8 16. Bf4 Rf8 17. Bh6 Re8 18. Bf4 1/2-1/2

[Event "24th European Teams Women"]
[Site "Budva MNE"]
[Date "2023.11.20"]
[Round "9.1"]
[White "Peycheva, Gergana"]
[Black "Javakhishvili, Lela"]
[Result "1-0"]
[WhiteElo "2287"]
[BlackElo "2440"]
[EventDate "2021.11.11"]
[Board "3"]

1. d4 Nf6 2. c4 e6 3. Nf3 b6 4. g3 Ba6 5. b3 Bb4+ 6. Bd2 Be7 7. Bg2 d5 8.
O-O O-O 9. Ne5 c6 10. cxd5 cxd5 11. Nc3 Bb7 12. a3 Nfd7 13. Nf3 Nc6 14. b4
Nf6 15. Bg5 h6 16. Bxf6 Bxf6 17. Qd3 Rc8 18. Rac1 a5 19. b5 Na7 20. Na4 Qd6
21. e3 Be7 22. Ra1 Rc4 23. Qb3 Rc7 24. Ne5 Rb8 25. Rfd1 Bc8 26. Bf1 f6 27.
Ng6 Bd8 28. Bd3 Bd7 29. Nc3 Be8 30. Ne2 Nxb5 31. a4 Na7 32. Bb1 Nc6 33.
Nef4 Bf7 34. Qd3 f5 35. g4 Bf6 36. gxf5 e5 37. Nh5 e4 38. Qe2 Bxg6 39. fxg6
Rf8 40. Qg4 Nb4 41. Nf4 Rc6 42. h4 Bd8 43. Ba2 Bc7 44. Rd2 Kh8 45. h5 Qd8
46. Nh3 Qf6 47. Bb3 Rc3 48. Rb1 Qd6 49. Qg2 Qc6 50. Qg4 Bb8 51. Bd1 Nd3 52.
Be2 Qc7 53. Qg2 Rc2 54. Rxc2 Qxc2 55. Bxd3 exd3 56. Qf1 d2 57. Rd1 Rc8 58.
Kg2 Qe4+ 59. f3 Qxe3 60. Qf2 Qb3 61. Rxd2 Qxa4 62. Qe3 Re8 63. Qd3 Qc4 64.
Qf5 Qc7 65. Nf2 Qf4 66. Re2 Rf8 67. Qxd5 a4 68. Re7 a3 69. Rf7 Qg3+ 70. Kf1
Qd6 71. Qb3 Rxf7 72. gxf7 Qf8 73. Ne4 Bc7 74. Qe6 Bd8 75. Nc3 Be7 76. Kg2
Bd6 77. Ne4 Bb4 78. Ng3 Qd6 79. Qe8+ Qf8 80. Nf5 a2 81. Nh4 a1=Q 82. Ng6+
Kh7 83. Nxf8+ 1-0

[Event "24th European Teams Women"]
[Site "Budva MNE"]
[Date "2023.11.20"]
[Round "9.1"]
[White "Melia, Salome"]
[Black "Krasteva, Beloslava"]
[Result "1-0"]
[WhiteElo "2354"]
[BlackElo "2262"]
[EventDate "2021.11.11"]
[Board "4"]

1. e4 c5 2. Nf3 e6 3. d4 cxd4 4. Nxd4 Nf6 5. Nc3 Nc6 6. Be2 Bb4 7. O-O O-O
8. Nxc6 bxc6 9. e5 Bxc3 10. bxc3 Nd5 11. Bd3 Qe7 12. c4 Nb4 13. Be4 Rb8 14.
Qh5 g6 15. Qh6 f6 16. exf6 Qxf6 17. Bg5 Qf7 18. a3 Na6 19. Be3 d5 20. Bd3
e5 21. cxd5 cxd5 22. f4 e4 23. f5 Bb7 24. Be2 Qg7 25. Qxg7+ Kxg7 26. Rab1
Bc8 27. f6+ Kf7 28. Bxa7 Rxb1 29. Rxb1 Rd8 30. Bd4 h5 31. a4 Rd6 32. c3 Ke6
33. a5 Rc6 34. Bb5 Rd6 35. Be8 Nc7 36. f7 Ke7 37. Bc5 Ne6 38. Bxd6+ Kxd6
39. Rb6+ Ke7 40. a6 1-0

[Event "24th European Teams Women"]
[Site "Budva MNE"]
[Date "2023.11.20"]
[Round "9.2"]
[White "Injac, Teodora"]
[Black "Mammadzada, Gunay"]
[Result "1-0"]
[WhiteElo "2431"]
[BlackElo "2441"]
[EventDate "2021.11.11"]
[Board "1"]

1. Nf3 d5 2. g3 c6 3. Bg2 Bg4 4. O-O e6 5. h3 Bh5 6. c4 Nf6 7. Qb3 Qb6 8.
d3 Nbd7 9. cxd5 Qxb3 10. axb3 cxd5 11. g4 Bg6 12. Be3 a6 13. Nd4 Bc5 14. f4
O-O 15. Nc3 Rae8 16. Bf2 e5 17. fxe5 Rxe5 18. Nf3 Re7 19. Bxc5 Nxc5 20. b4
Ne6 21. g5 Nh5 22. Nxd5 Ree8 23. Ne5 Ng3 24. Rf2 Kh8 25. Nd7 Rg8 26. Kh2
Nf5 27. Be4 Ne7 28. h4 Nxd5 29. Bxd5 Rd8 30. Bxe6 fxe6 31. Nc5 Rd4 32. Nxb7
Rxb4 33. Nc5 Rxb2 34. Kg3 Bh5 35. Rxa6 Rxe2 36. Rxe2 Bxe2 37. Rxe6 Bh5 38.
Rd6 Re8 39. Ne6 Bf7 40. Rd8 Kg8 41. Kf4 h6 42. Ke5 hxg5 43. hxg5 Rxd8 44.
Nxd8 Bb3 45. Ne6 Kf7 46. Nf4 Ke7 47. d4 Bf7 48. d5 g6 49. Ne6 Be8 50. Nc5
Bb5 51. Ne6 Be8 52. d6+ Kd7 53. Nf8+ Kc6 54. d7 1-0

[Event "24th European Teams Women"]
[Site "Budva MNE"]
[Date "2023.11.20"]
[Round "9.2"]
[White "Fataliyeva, Ulviyya"]
[Black "Velikic, Adela"]
[Result "1-0"]
[WhiteElo "2395"]
[BlackElo "2273"]
[EventDate "2021.11.11"]
[Board "2"]

1. e4 c6 2. d4 d5 3. exd5 cxd5 4. Bd3 Nc6 5. c3 Nf6 6. Bf4 Bg4 7. Qb3 Qd7
8. Nd2 e6 9. Ngf3 Bd6 10. Bxd6 Qxd6 11. Qxb7 Rb8 12. Qa6 O-O 13. O-O Rb6
14. Qa3 Qxa3 15. bxa3 Rc8 16. Nb3 Bxf3 17. gxf3 Kf8 18. Rfc1 Nb8 19. Rc2
Ne8 20. a4 Nd6 21. a5 Rbc6 22. Nc5 Ke7 23. a4 R6c7 24. Rb1 Nd7 25. Ba6 Rh8
26. Nxd7 Kxd7 27. Kf1 h5 28. Ke2 Ke7 29. Rb4 h4 30. Kd3 Rh5 31. Rb8 Rf5 32.
Ke2 Rf4 33. Bd3 g5 34. Rg8 Kf6 35. a6 Re7 36. Rd8 Nf5 37. Rb2 e5 38. Rb7
exd4+ 39. Rxe7 Nxe7 40. Rd6+ Ke5 41. Rd7 Nc6 42. c4 dxc4 43. Bxc4 d3+ 44.
Bxd3 Ke6 45. Rc7 Kd6 46. Rb7 Rxa4 47. Rxf7 Ne5 48. Rf6+ Kc5 49. Be4 g4 50.
Ke3 gxf3 51. Re6 Nc4+ 52. Kxf3 Nd2+ 53. Ke3 Nxe4 54. Rxe4 Ra3+ 55. Ke2 Ra2+
56. Kf3 Rxa6 57. Rxh4 Ra3+ 58. Kg2 a5 59. Rh8 Ra4 60. h4 Rg4+ 61. Kh3 Rg1
62. Kh2 Rg4 63. f3 Rf4 64. Kg3 Rf7 65. h5 a4 66. h6 a3 67. Kg4 Kd6 68. Ra8
Rh7 69. Rxa3 Rh8 70. Ra6+ Ke7 71. Kg5 Rg8+ 72. Rg6 Ra8 73. h7 Kf7 74. Kh6
Ra1 75. Rf6+ Ke7 76. Kg7 Rh1 77. Rg6 1-0

[Event "24th European Teams Women"]
[Site "Budva MNE"]
[Date "2023.11.20"]
[Round "9.2"]
[White "Gajcin, Marina"]
[Black "Beydullayeva, Govhar"]
[Result "0-1"]
[WhiteElo "2236"]
[BlackElo "2383"]
[EventDate "2021.11.11"]
[Board "3"]

1. e4 e5 2. Nf3 Nc6 3. Bc4 Nf6 4. d3 Bc5 5. c3 d6 6. Nbd2 O-O 7. O-O a5 8.
h3 Ba7 9. Re1 Be6 10. Bb5 Ne7 11. Nf1 Ng6 12. Ng3 c6 13. Ba4 d5 14. exd5
Nxd5 15. Bc2 Re8 16. d4 exd4 17. Nxd4 Bd7 18. Bd2 Rxe1+ 19. Qxe1 Bxd4 20.
cxd4 Qb6 21. Bc3 Re8 22. Qd2 Nxc3 23. bxc3 Qb2 24. Rb1 Qxa2 25. Rxb7 Be6
26. Nf1 Ra8 27. Ne3 a4 28. Qd3 Qa3 29. h4 h5 30. Rb4 Qc1+ 31. Kh2 Qe1 32.
Kg3 Qh1 33. d5 Bg4 34. Nf5 Qe1 35. Re4 Bxf5 36. Rxe1 Bxd3 37. Bxd3 cxd5 38.
Bxg6 fxg6 39. Ra1 a3 40. Ra2 Ra4 41. Kf3 Kf7 42. Ke3 Kf6 43. Kd3 Rxh4 44.
Rxa3 Rh2 45. Ra6+ Kf5 46. Rd6 Rxg2 47. Ke3 Ke5 48. Rd7 Rg4 49. Rxg7 Re4+
50. Kf3 Rg4 51. Rg8 Kd6 52. Ke3 Re4+ 53. Kd3 Re6 54. Kd4 Rf6 55. Rd8+ Ke6
56. Re8+ Kd6 57. Rd8+ Ke6 58. Re8+ Kd7 59. Rg8 Ke7 60. Kxd5 Kf7 61. Rb8
Rxf2 62. c4 Rd2+ 63. Ke5 Re2+ 64. Kf4 Rf2+ 65. Kg3 Rc2 66. Rb7+ Kf6 67.
Rb6+ Kg5 68. Rb5+ Kh6 69. Rc5 Rc3+ 70. Kg2 h4 71. Kh2 g5 72. Rc6+ Kh5 73.
c5 Kg4 74. Ra6 Rc2+ 75. Kg1 Rxc5 76. Ra4+ Kh5 77. Kg2 Rc2+ 78. Kg1 Rd2 79.
Rb4 Rd5 80. Rb8 Re5 81. Kg2 Kg4 82. Rb4+ Kf5 83. Rb8 Kf4 84. Rb4+ Re4 85.
Rb2 g4 86. Rf2+ Kg5 87. Rf8 Re2+ 88. Kf1 Ra2 89. Kg1 g3 90. Rb8 Kg4 91.
Rb4+ Kh3 92. Rb1 Rg2+ 93. Kh1 Re2 94. Kg1 Kg4 95. Ra1 h3 96. Rb1 h2+ 97.
Kh1 Kh3 0-1

[Event "24th European Teams Women"]
[Site "Budva MNE"]
[Date "2023.11.20"]
[Round "9.2"]
[White "Balajayeva, Khanim"]
[Black "Mandura, Tijana"]
[Result "1-0"]
[WhiteElo "2328"]
[BlackElo "2178"]
[EventDate "2021.11.11"]
[Board "4"]

1. e4 e5 2. Nf3 Nc6 3. Bb5 a6 4. Ba4 Bc5 5. c3 Nge7 6. O-O Ng6 7. d4 Ba7 8.
Bg5 f6 9. Be3 O-O 10. Nbd2 d6 11. Re1 Kh8 12. h3 exd4 13. Nxd4 Nxd4 14.
cxd4 f5 15. exf5 Bxf5 16. Qh5 Qh4 17. Qxh4 Nxh4 18. d5 Bb8 19. Bd4 Bd3 20.
Re3 Bb5 21. Bc2 Rf4 22. Rae1 Kg8 23. Re4 Rxe4 24. Rxe4 Ng6 25. a4 Bd7 26.
Re3 Kf7 27. Ne4 h6 28. Rf3+ Kg8 29. Rg3 Be8 30. Nf6+ gxf6 31. Bxg6 c5 32.
Bxe8+ Kf8 33. Bxf6 Kxe8 34. Bc3 b5 35. Rg8+ Kf7 36. Rc8 b4 37. Bd2 h5 38.
g4 hxg4 39. hxg4 a5 40. b3 c4 41. bxc4 b3 42. Bc3 Kg6 43. Kg2 1-0

[Event "24th European Teams Women"]
[Site "Budva MNE"]
[Date "2023.11.20"]
[Round "9.3"]
[White "Daulyte-Cornette, Deimante"]
[Black "Ushenina, Anna"]
[Result "1/2-1/2"]
[WhiteElo "2369"]
[BlackElo "2425"]
[EventDate "2021.11.11"]
[Board "1"]

1. e4 d6 2. d4 Nf6 3. Nc3 e5 4. Nf3 Nbd7 5. Bc4 Be7 6. a4 O-O 7. O-O c6 8.
h3 h6 9. Re1 Re8 10. Ba2 a5 11. Qd3 exd4 12. Nxd4 Ne5 13. Qe2 Bf8 14. f4
Ned7 15. Qf3 Nc5 16. Kh2 Re7 17. Nb3 Na6 18. Be3 Nb4 19. Re2 Nxa2 20. Rxa2
Be6 21. Ra1 Bc4 22. Ree1 Bxb3 23. cxb3 Qe8 24. Bf2 Qd7 25. Bh4 Re6 26. f5
Re5 27. Bxf6 gxf6 28. Re3 Kh7 29. Qg4 Bg7 30. Ne2 Rg8 31. Ng3 Bf8 32. Nh5
Be7 33. Qf3 d5 34. Rf1 d4 35. Rd3 c5 36. Kh1 Qc6 37. Re1 Bd8 38. Nf4 Bc7
39. Re2 Ree8 40. Nd5 Rg3 41. Qh5 Rxd3 42. Qxf7+ Kh8 43. Nxc7 Rd1+ 44. Kh2
Qd6+ 45. g3 Rf8 46. Qh5 Qxc7 47. Rf2 Rd3 48. Qxh6+ Kg8 49. Rf4 Rf7 50. e5
Rg7 51. Qxf6 Rd2+ 52. Kg1 Rxg3+ 53. Kf1 Rg7 54. Qe6+ Qf7 55. Qc8+ Qf8 56.
Qe6+ Qf7 57. Qc8+ Qf8 58. Qe6+ 1/2-1/2

[Event "24th European Teams Women"]
[Site "Budva MNE"]
[Date "2023.11.20"]
[Round "9.3"]
[White "Buksa, Nataliya"]
[Black "Milliet, Sophie"]
[Result "1-0"]
[WhiteElo "2377"]
[BlackElo "2375"]
[EventDate "2021.11.11"]
[Board "2"]

1. e4 c5 2. Nf3 d6 3. d4 cxd4 4. Nxd4 Nf6 5. Nc3 Nc6 6. f3 e5 7. Nb3 Be7 8.
Be3 O-O 9. Qd2 Be6 10. O-O-O a5 11. Bb5 Nb4 12. Kb1 d5 13. exd5 Nbxd5 14.
Nxd5 Nxd5 15. Bc4 Nxe3 16. Qxe3 Qc8 17. Bxe6 Qxe6 18. a3 Rfc8 19. Rhe1 a4
20. Nc1 Ra5 21. Na2 Rb5 22. Nc3 Rbc5 23. Nxa4 Rxc2 24. Qxe5 Rxg2 25. Qb5
Qg6+ 26. Ka2 Bf8 27. Qxb7 Rgc2 28. h4 Qf6 29. h5 Qf4 30. Qb3 Rf2 31. Re4
Qc7 32. Rd3 Rb8 33. Qc3 Qb7 34. Red4 Qb5 35. Rd8 Rxd8 36. Rxd8 Qe2 37. Nb6
Qe6+ 38. Nd5 h6 39. Qc5 Kh7 40. Qxf2 Be7 41. Qc2+ f5 42. Qc8 1-0

[Event "24th European Teams Women"]
[Site "Budva MNE"]
[Date "2023.11.20"]
[Round "9.3"]
[White "Hejazipour, Mitra"]
[Black "Gaponenko, Inna"]
[Result "0-1"]
[WhiteElo "2323"]
[BlackElo "2335"]
[EventDate "2021.11.11"]
[Board "3"]

1. Nf3 d5 2. g3 Nf6 3. c4 e6 4. Bg2 c5 5. d4 dxc4 6. Qa4+ Bd7 7. Qxc4 Bc6
8. dxc5 Nbd7 9. O-O Bxc5 10. Nc3 Rc8 11. Qd3 O-O 12. e4 Qb6 13. Qe2 Ng4 14.
Nd2 Nde5 15. Nc4 Qa6 16. Nxe5 Qxe2 17. Nxe2 Nxe5 18. Bf4 Nd3 19. b3 Bb5 20.
Bf3 Rfd8 21. Rad1 h6 22. h4 e5 23. Bc1 Nxf2 24. Rxd8+ Rxd8 25. Kg2 Nxe4 26.
Bxe4 Bxe2 27. Re1 Ba6 28. a3 b6 29. Bc6 Bd4 30. b4 Bc4 31. Be3 a5 32. Kf3
axb4 33. axb4 Bxe3 34. Rxe3 f6 35. Ra3 Rd3+ 36. Rxd3 Bxd3 0-1

[Event "24th European Teams Women"]
[Site "Budva MNE"]
[Date "2023.11.20"]
[Round "9.3"]
[White "Zhukova, Natalia"]
[Black "Guichard, Pauline"]
[Result "1/2-1/2"]
[WhiteElo "2308"]
[BlackElo "2347"]
[EventDate "2021.11.11"]
[Board "4"]

1. Nf3 Nf6 2. c4 e6 3. g3 d5 4. Bg2 Be7 5. O-O O-O 6. b3 b6 7. Bb2 c5 8.
cxd5 Nxd5 9. d4 Bb7 10. Nbd2 Nd7 11. e4 N5f6 12. Qe2 cxd4 13. Nxd4 Rc8 14.
Rfd1 Qc7 15. Nc4 Ba6 16. Rac1 Ne5 17. a4 Bxc4 18. bxc4 a6 19. h3 Rfd8 20.
Kh2 h5 21. f4 Ng6 22. e5 h4 23. exf6 hxg3+ 24. Kh1 Bxf6 25. Nxe6 Rxd1+ 26.
Rxd1 Qxc4 27. Qxc4 Rc7 28. Qc6 Rxc6 29. Bxf6 Rc4 30. f5 gxf6 31. fxg6 fxe6
32. Be4 Kg7 33. Bb7 Rxa4 34. Rd6 e5 35. Rxb6 a5 36. Bc6 Ra1+ 37. Kg2 Kxg6
38. Kxg3 a4 39. Be4+ Kg7 40. Rb7+ Kf8 41. Ra7 a3 42. Kf2 Ra2+ 43. Kg3 Ra1
44. Kf2 Ra2+ 45. Ke3 Ra1 46. Kd2 Ra2+ 47. Ke3 Ra1 48. Bd5 f5 49. Be6 Ke8
50. h4 Rh1 51. Bxf5 Rxh4 52. Rxa3 Ke7 53. Ra6 Rd4 54. Re6+ Kf7 55. Rxe5 Rd1
56. Ra5 Kf6 57. Bd3 Rh1 58. Kd4 Re1 59. Rf5+ Ke6 60. Rg5 Kd6 61. Bc2 Re2
62. Be4 Rd2+ 63. Bd3 Rd1 64. Rg6+ Ke7 65. Ra6 Rd2 66. Ke4 Rd1 67. Rh6 Kd7
68. Bc4 Rd6 69. Rh5 Rd1 70. Bd5 Kd6 71. Rh6+ Kc5 72. Rc6+ Kb5 73. Rc8 Re1+
74. Kd4 Rd1+ 75. Ke5 Rd2 76. Kd6 Kb4 77. Rb8+ Kc3 78. Kc5 Kd3 79. Rb3+ Ke2
80. Rh3 Kf2 81. Kd6 Re2 82. Rf3+ Ke1 83. Kc5 Rd2 84. Bc4 Rd8 85. Bd5 Ke2
86. Ra3 Kf2 87. Kd4 Rf8 88. Ra2+ Kg3 89. Rg2+ Kh4 90. Ke5 Kh3 91. Rg7 Kh2
92. Ke4 Rc8 93. Kf4 Rf8+ 94. Ke3 Kh3 95. Bf3 Rb8 96. Kf2 Rb4 97. Rg5 Ra4
98. Be2 Rb4 99. Rg1 Kh4 100. Bf3 Rb3 101. Rg4+ Kh3 102. Rd4 Rb2+ 103. Be2
Ra2 104. Rb4 Rc2 105. Rb5 1/2-1/2

[Event "24th European Teams Women"]
[Site "Budva MNE"]
[Date "2023.11.20"]
[Round "9.4"]
[White "Kosteniuk, Alexandra"]
[Black "Paehtz, Elisabeth"]
[Result "0-1"]
[WhiteElo "2526"]
[BlackElo "2473"]
[EventDate "2021.11.11"]
[Board "1"]

1. e4 c5 2. Nf3 Nc6 3. Bb5 e6 4. O-O Nge7 5. c3 a6 6. Ba4 b5 7. Bc2 Bb7 8.
Re1 Rc8 9. a4 Ng6 10. Na3 b4 11. Nc4 Na5 12. Ne3 c4 13. d3 cxd3 14. Bxd3
bxc3 15. bxc3 Be7 16. h4 Nxh4 17. Nxh4 Bxh4 18. Ba3 Be7 19. Bxe7 Qxe7 20.
Nf5 Qc5 21. Nxg7+ Ke7 22. Nh5 Rhg8 23. Re3 Rg5 24. Nf4 Rcg8 25. Qf3 Nc6 26.
Qh3 Ne5 27. Bc2 Nc4 28. Rf3 Nd2 29. Re3 Rg4 30. Ne2 Nxe4 31. Bxe4 Bxe4 32.
Ng3 Bc6 33. Rae1 Rf4 34. Qxh7 Qd5 35. Ne4 Rfg4 36. g3 R8g7 37. Qh6 R7g6 38.
Qh3 Qf5 39. Qg2 Qa5 40. Qh3 Qc7 41. Nc5 Qb6 42. Nd3 d6 43. Nb4 Bb7 44. Rb1
Qxe3 45. fxe3 Rxg3+ 46. Qxg3 Rxg3+ 47. Kf2 Rg2+ 48. Kf1 Rh2 49. Rb3 a5 50.
Nd3 Ba6 51. Kg1 Re2 52. Nf2 Rxe3 53. Rb6 Be2 54. Rb7+ Kf8 55. Rc7 Re5 56.
Rd7 d5 57. Ra7 Re3 58. Rxa5 Rxc3 59. Ra8+ Kg7 60. a5 Ra3 61. Nh1 Ra1+ 62.
Kh2 d4 63. Rd8 d3 64. Nf2 Rxa5 65. Nxd3 Bxd3 0-1

[Event "24th European Teams Women"]
[Site "Budva MNE"]
[Date "2023.11.20"]
[Round "9.4"]
[White "Wagner, Dinara"]
[Black "Georgescu, Lena"]
[Result "1/2-1/2"]
[WhiteElo "2467"]
[BlackElo "2284"]
[EventDate "2021.11.11"]
[Board "2"]

1. d4 Nf6 2. c4 e6 3. Nf3 d5 4. g3 Be7 5. Bg2 O-O 6. O-O c6 7. Qc2 b6 8.
Rd1 Bb7 9. b3 Nbd7 10. Nc3 Ba6 11. Bf4 Nh5 12. Bd2 Nhf6 13. Be1 b5 14. Nd2
bxc4 15. bxc4 Nb6 16. c5 Nc4 17. e4 Nxd2 18. Bxd2 dxe4 19. Nxe4 Nd5 20.
Rab1 h6 21. Qa4 Bb5 22. Qa3 a5 23. Nc3 Bc4 24. Na4 Bb5 25. Rbc1 Ra7 26. Nb2
Bf6 27. Be1 Qc7 28. Nc4 Bxc4 29. Rxc4 Rb8 30. Ra4 Nb4 31. Be4 Rba8 32. Qf3
Nd5 33. Bd2 Qd8 34. h4 Rb8 35. Bc2 Nb4 36. Bxb4 Rxb4 37. Qxc6 Rd7 38. Rxa5
Rdxd4 39. Rxd4 Bxd4 40. Ra8 Rb8 41. Rxb8 Qxb8 42. Kg2 Qd8 43. Qd6 Qxd6 44.
cxd6 Bc5 45. d7 Bb6 46. h5 Kf8 47. Ba4 Ke7 48. f4 Kd6 49. Kf3 Kd5 50. g4 f6
51. Bb5 Kd4 52. Ba6 Bc7 53. Bb7 Bb6 54. a4 Bc7 55. Ke2 Ba5 56. Kf3 Bb6 57.
Be4 Ba5 58. Bg6 Bc7 59. Bf7 e5 60. fxe5 fxe5 61. Bg6 Bb6 62. Be4 Bc7 63.
Bb7 Bd8 64. Ba8 Kd3 65. Be4+ Kd4 66. Bg6 Ba5 67. Be4 Bd8 68. Bb7 Kd3 69. g5
hxg5 70. Kg4 e4 71. a5 e3 72. Bf3 Bxa5 73. Kxg5 Kd4 74. Kg6 Ke5 75. Kf7 Kd6
76. Ke8 Ke6 77. d8=Q Bxd8 78. Kxd8 Kf7 79. Bd5+ Kf6 80. Bf3 Kg5 81. Ke7 g6
82. hxg6 Kxg6 1/2-1/2

[Event "24th European Teams Women"]
[Site "Budva MNE"]
[Date "2023.11.20"]
[Round "9.4"]
[White "Hakimifard, Ghazal"]
[Black "Klek, Hanna Marie"]
[Result "1-0"]
[WhiteElo "2245"]
[BlackElo "2282"]
[EventDate "2021.11.11"]
[Board "3"]

1. e4 c5 2. Nf3 d6 3. d4 cxd4 4. Nxd4 Nf6 5. Nc3 g6 6. Be3 Bg7 7. f3 Nc6 8.
Qd2 O-O 9. Bc4 Nxd4 10. Bxd4 Be6 11. Bb3 Qa5 12. h4 Bxb3 13. cxb3 Rac8 14.
a3 Rfe8 15. O-O-O b5 16. b4 Qc7 17. Kb1 Qb7 18. h5 Rc4 19. hxg6 hxg6 20.
Ne2 Rec8 21. Bc3 Qc7 22. g4 d5 23. g5 Nd7 24. Bxg7 Kxg7 25. Qxd5 Ne5 26. f4
Rc2 27. fxe5 Rxe2 28. Rh7+ 1-0

[Event "24th European Teams Women"]
[Site "Budva MNE"]
[Date "2023.11.20"]
[Round "9.4"]
[White "Schneider, Jana"]
[Black "Hryzlova, Sofiia"]
[Result "1/2-1/2"]
[WhiteElo "2265"]
[BlackElo "2199"]
[EventDate "2021.11.11"]
[Board "4"]

1. e4 e6 2. d4 d5 3. e5 c5 4. c3 Nc6 5. Nf3 Bd7 6. Be2 Nge7 7. O-O Ng6 8.
Re1 Be7 9. Be3 O-O 10. Nbd2 a5 11. Nf1 a4 12. a3 cxd4 13. cxd4 Na5 14. Bd3
b5 15. g3 Nc4 16. Qe2 f5 17. exf6 Bxf6 18. Bxg6 hxg6 19. h4 Qe7 20. Bf4
Rac8 21. N1h2 b4 22. axb4 Qxb4 23. Rab1 Rce8 24. Qc2 e5 25. dxe5 Bf5 26.
Qd1 Bxb1 27. Qxd5+ Kh8 28. Rxb1 Be7 29. Qe4 Rf5 30. g4 Rxf4 31. Qxf4 a3 32.
b3 a2 33. Ra1 Qxb3 34. Qf7 Rb8 35. Qxe7 Qb1+ 36. Rxb1 axb1=Q+ 37. Kg2 Qe4
38. Kg3 Rb3 39. e6 Kh7 40. Qf7 Nd6 41. Qd7 Qd5 42. Kg2 Rb2 43. Nf1 Qc5 44.
N1d2 Qd5 45. Nf1 Qc5 46. N1d2 Qd5 47. Nf1 1/2-1/2

[Event "24th European Teams Women"]
[Site "Budva MNE"]
[Date "2023.11.20"]
[Round "9.5"]
[White "Mkrtchian, Lilit"]
[Black "Socko, Monika"]
[Result "1/2-1/2"]
[WhiteElo "2387"]
[BlackElo "2378"]
[EventDate "2021.11.11"]
[Board "1"]

1. Nf3 Nf6 2. c4 b6 3. g3 Bb7 4. Bg2 e6 5. O-O Be7 6. Nc3 O-O 7. d4 Ne4 8.
Qc2 Nxc3 9. Qxc3 Na6 10. Ne5 Bxg2 11. Kxg2 c6 12. Bf4 Rc8 13. Qb3 d6 14.
Nf3 Qd7 15. Rac1 c5 16. Rfd1 Qb7 17. dxc5 Nxc5 18. Qa3 g5 19. Bxd6 Bxd6 20.
Rxd6 g4 21. b4 Ne4 22. Rd4 gxf3+ 23. exf3 Nf6 24. Qe3 Qe7 25. Qg5+ Kh8 26.
Rd7 Qxd7 27. Qxf6+ Kg8 28. Qg5+ Kh8 29. Qf6+ Kg8 30. Qg5+ Kh8 1/2-1/2

[Event "24th European Teams Women"]
[Site "Budva MNE"]
[Date "2023.11.20"]
[Round "9.5"]
[White "Kiolbasa, Oliwia"]
[Black "Mkrtchyan, Mariam"]
[Result "1-0"]
[WhiteElo "2371"]
[BlackElo "2347"]
[EventDate "2021.11.11"]
[Board "2"]

1. e4 e5 2. Nf3 Nc6 3. Bc4 Nf6 4. d3 Bc5 5. Nc3 h6 6. a3 a6 7. Be3 d6 8.
Bxc5 dxc5 9. Nd5 Be6 10. Ne3 Bxc4 11. Nxc4 Nd7 12. a4 b5 13. Ne3 Nd4 14.
O-O O-O 15. axb5 axb5 16. Rxa8 Qxa8 17. Nh4 Ne6 18. Nhf5 Kh7 19. Qh5 Qa6
20. g3 c4 21. dxc4 bxc4 22. Qe2 g6 23. Nh4 Nb6 24. c3 Nc5 25. Ng4 h5 26.
Nf6+ Kg7 27. Nxh5+ gxh5 28. Qxh5 Ne6 29. Nf5+ Kg8 30. Ne7+ Kg7 31. Qxe5+
Kh7 32. Qh5+ Kg7 33. Nf5+ Kg8 34. Qg4+ Kh7 35. Qh4+ Kg8 36. Nh6+ Kg7 37.
Ng4 Rh8 38. Qf6+ Kg8 39. Nh6+ Rxh6 40. Qxh6 Qb7 41. f4 Nd7 42. f5 Ng7 43.
f6 Ne6 44. Rf5 Ndf8 45. Rh5 Qb6+ 46. Kh1 Ng6 47. Qh7+ Kf8 48. Qh8+ 1-0

[Event "24th European Teams Women"]
[Site "Budva MNE"]
[Date "2023.11.20"]
[Round "9.5"]
[White "Danielian, Elina"]
[Black "Zawadzka, Jolanta"]
[Result "1-0"]
[WhiteElo "2413"]
[BlackElo "2342"]
[EventDate "2021.11.11"]
[Board "3"]

1. d4 d5 2. c4 e6 3. Nc3 Nf6 4. cxd5 exd5 5. Bg5 Be7 6. e3 Bg4 7. Qc2 Nbd7
8. Bd3 O-O 9. f3 Be6 10. Nge2 c5 11. O-O h6 12. Bh4 Rc8 13. Rad1 a6 14. Qd2
b5 15. a3 Qb6 16. Bb1 Rfe8 17. Bf2 b4 18. axb4 Qxb4 19. e4 cxd4 20. Nxd4
dxe4 21. Nxe6 fxe6 22. Nxe4 Qxd2 23. Rxd2 Nc5 24. Nd6 Nb3 25. Rdd1 Bxd6 26.
Rxd6 a5 27. h4 Kf7 28. Re1 h5 29. Rb6 a4 30. Rb7+ Re7 31. Bg6+ Kf8 32. Rb4
Ra8 33. Rb6 Nd5 34. Rb5 Nf4 35. Bc2 Kf7 36. Re4 Nd5 37. Bg3 Rd7 38. Be5 Nd2
39. Rd4 Nb3 40. Bxb3 axb3 41. Rxb3 Kg6 42. Kh2 Rda7 43. Re4 Rd7 44. Rb5 Ra6
45. Rb8 Rc6 46. Re2 Rc4 47. Bg3 Kf7 48. Rd2 Ra7 49. Bf2 Rac7 50. Bd4 Ne7
51. b3 Nc6 52. bxc4 Nxb8 53. Be5 Rd7 54. Rd6 Rxd6 55. Bxd6 Nc6 56. Kg3 e5
57. Kf2 Ke6 58. Bc7 Nd4 59. g4 g6 60. Ke3 Nb3 61. Bb6 Kd6 62. gxh5 gxh5 63.
Kd3 Kc6 64. Be3 Na5 65. Bd2 Nb7 66. Bb4 Kd7 67. Ke4 Ke6 68. Ba3 Na5 69. c5
Nc6 70. Bb2 Ne7 71. Bxe5 Nf5 72. c6 Nxh4 73. f4 Nf5 74. c7 Ne7 75. f5+ Kd7
76. f6 Ng6 77. f7 h4 78. Bd6 h3 79. Kf3 h2 80. Kg2 1-0

[Event "24th European Teams Women"]
[Site "Budva MNE"]
[Date "2023.11.20"]
[Round "9.5"]
[White "Sliwicka, Alicja"]
[Black "Gevorgyan, Maria"]
[Result "1-0"]
[WhiteElo "2296"]
[BlackElo "2260"]
[EventDate "2021.11.11"]
[Board "4"]

1. e4 e5 2. Bc4 Nf6 3. d3 Bc5 4. Nf3 Nc6 5. c3 d6 6. O-O h6 7. Re1 a6 8.
Nbd2 Ba7 9. Bb3 Ng4 10. Re2 Be6 11. Nf1 Qd7 12. Ne3 Nf6 13. Bc2 g5 14. b4
Nh5 15. Nd5 Bxd5 16. exd5 Ne7 17. d4 f6 18. dxe5 fxe5 19. Nxe5 dxe5 20.
Rxe5 Nf6 21. Bf5 Qd6 22. Qe2 Nxd5 23. Re6 Qd7 24. Qh5+ Kd8 25. Bxg5 hxg5
26. Qxh8+ Qe8 27. Qe5 Qf8 28. Rd1 Nxf5 29. Rf6 Qg8 30. Qxf5 Ke7 31. Qe5+
Kd8 32. Rxd5+ Kc8 33. Qf5+ 1-0